[Event "DRUZYNOWE MISTRZOSTWA POLSKI - II LIGA"]
[Site "Jastrzebia Gora"]
[Date "2015-09-18"]
[Round "6.83"]
[White "Bielawski, Michal"]
[Black "Dmochowska, Agnieszka"]
[Result "1/2-1/2"]
[WhiteTitle "I+"]
[BlackTitle "WCM"]
[WhiteElo "2036"]
[BlackElo "1973"]

1. d4 Nf6 2. c4 e6 3. Nf3 c5 4. Nc3 cxd4 5. Nxd4 Nc6 6. g3 Bb4 7. Ndb5 O-O 8. a3
Bxc3+ 9. Nxc3 d5 10. Bg5 dxc4 11. Bg2 Qb6 12. Rb1 Ng4 13. O-O h6 14. Bc1 Rd8 15.
Qa4 Nce5 16. h3 Bd7 17. Qc2 Nf6 18. Be3 Qa6 19. Bd4 Ng6 20. Bxf6 gxf6 21. Ne4
e5 22. Nc5 Qb6 23. Nxd7 Rxd7 24. Qxc4 Rd4 25. Qc3 Rad8 26. b4 Kg7 27. Qc5 Rd2
28. Qxb6 axb6 29. Bxb7 Rxe2 30. Rfd1 Rdd2 31. Rxd2 Rxd2 32. Rc1 f5 33. Rc6 e4
34. Rxb6 Ne5 35. Ba6 Ra2 36. Rd6 Nf3+ 37. Kg2 Ra1 38. Bf1 Ne1+ 39. Kg1 Nf3+ 40.
Kg2 Ne1+ 41. Kg1 Nf3+ 1/2-1/2

[Event "DRUZYNOWE MISTRZOSTWA POLSKI - II LIGA"]
[Site "Jastrzebia Gora"]
[Date "2015-09-18"]
[Round "7.40"]
[White "Nowak, Kamil"]
[Black "Siekaniec, Jan"]
[Result "1/2-1/2"]
[WhiteTitle "I+"]
[BlackTitle "k"]
[WhiteElo "2133"]
[BlackElo "2096"]

1. e4 c5 2. Nf3 d6 3. Bb5+ Bd7 4. Bxd7+ Qxd7 5. c4 Nc6 6. O-O Nf6 7. Nc3 e6 8.
d4 cxd4 9. Nxd4 Be7 10. Nde2 O-O 11. f3 Rfd8 12. Be3 d5 13. cxd5 exd5 14. exd5
Nxd5 15. Nxd5 Qxd5 16. Qxd5 Rxd5 17. Rad1 Rad8 18. Rxd5 Rxd5 19. Nc3 Rd3 20. Kf2
f5 21. Ke2 Rd8 22. Rd1 Rxd1 23. Kxd1 Kf7 24. a3 Ke6 25. Kc2 h5 26. f4 Bf6 27.
Kd3 Bxc3 28. Kxc3 Kd5 29. Kd3 a6 30. Bb6 g6 31. b3 Ne7 32. Bc7 Nc8 33. a4 Ne7
34. Be5 Nc6 35. Bc3 Nd8 36. Bd2 Nf7 37. Be3 Nh6 38. Bd4 Ng4 39. h3 Nh6 40. Bf6
Nf7 41. Be7 Ke6 42. Ba3 Kd5 43. Be7 Ke4+ 44. Kxe4 1/2-1/2

[Event "DRUZYNOWE MISTRZOSTWA POLSKI - II LIGA"]
[Site "Jastrzebia Gora"]
[Date "2015-09-18"]
[Round "7.43"]
[White "Hnydiuk, Aleksander"]
[Black "Sadowski, Miroslaw"]
[Result "1/2-1/2"]
[WhiteTitle "IM"]
[BlackTitle "k"]
[WhiteElo "2354"]
[BlackElo "2106"]

1. e4 d6 2. d4 Nf6 3. Nc3 e5 4. Nf3 Nbd7 5. Bc4 Be7 6. O-O O-O 7. a4 a5 8. Re1
c6 9. h3 Nb6 10. Bf1 Nfd7 11. Be3 exd4 12. Nxd4 Nc5 13. Qd2 d5 14. exd5 Nxd5 15.
Nxd5 Qxd5 16. Nb5 Qxd2 17. Bxd2 Ne6 18. Nc7 Nxc7 19. Rxe7 Nd5 20. Re5 f6 21. Ree1
Bf5 22. Rac1 Bg6 23. Bc4 Rfd8 24. Re2 Kf8 25. Bb3 Re8 26. Rce1 Rxe2 27. Rxe2 Bf7
28. f3 b6 29. Kf2 Re8 30. Rxe8+ Kxe8 31. Bc4 Kd7 32. Bd3 g6 33. Ke2 Be6 34. Be4
Kd6 35. b3 f5 36. Bd3 Ke5 37. Bc4 Bd7 38. Bxd5 Kxd5 39. Kd3 c5 40. Bf4 Be6 41.
Bc7 c4+ 42. Kc3 Kc6 43. Bd8 cxb3 44. cxb3 Bf7 45. b4 axb4+ 46. Kxb4 Bg8 47. Kc3
Bf7 48. Kd4 Bb3 49. a5 bxa5 50. Bxa5 Kd6 51. Ke3 Ke6 52. Ke4 Ke5+ 1/2-1/2

[Event "DRUZYNOWE MISTRZOSTWA POLSKI - II LIGA"]
[Site "Jastrzebia Gora"]
[Date "2015-09-18"]
[Round "7.103"]
[White "Zielinski, Maciej"]
[Black "Maj, Pawel"]
[Result "1/2-1/2"]
[WhiteTitle "I++"]
[BlackTitle "k"]
[WhiteElo "2125"]
[BlackElo "2078"]

1. e4 c5 2. Nf3 d6 3. Bb5+ Nd7 4. c3 a6 5. Ba4 Ngf6 6. Bc2 e5 7. O-O g6 8. d4 Bg7
9. Nbd2 Qc7 10. a4 O-O 11. a5 cxd4 12. cxd4 d5 13. dxe5 Nxe5 14. Nxe5 Qxe5 15.
Nf3 Qc7 16. exd5 Nxd5 17. Bxg6 hxg6 18. Qxd5 Be6 19. Qe4 Qc4 20. Qxb7 Bd5 21.
Qd7 Bxf3 22. gxf3 Rad8 23. Qh3 Rd5 24. Qg3 Re8 25. Ra3 Qb4 26. Re3 Rxe3 27. Bxe3
Rxa5 28. Rc1 Bxb2 29. Rc8+ Kg7 30. Kg2 Rh5 31. Rb8 Qa3 32. Rb7 Be5 33. f4 Bf6
34. f5 g5 35. Qf3 Rh4 36. Qd5 Qf8 37. Qe6 Rh6 38. Qd7 Rh4 39. Rc7 Re4 40. Bc5
Qe8 41. Qxe8 Rxe8 42. Ra7 Re5 43. Bb6 1/2-1/2

[Event "DRUZYNOWE MISTRZOSTWA POLSKI - II LIGA"]
[Site "Jastrzebia Gora"]
[Date "2015-09-18"]
[Round "8.3"]
[White "Cukrowski, Filip"]
[Black "Sapis, Witalis"]
[Result "1/2-1/2"]
[WhiteTitle "m"]
[BlackTitle "IM"]
[WhiteElo "2318"]
[BlackElo "2396"]

1. e4 d5 2. exd5 Nf6 3. d4 Nxd5 4. c4 Nb6 5. Nc3 e5 6. d5 Bb4 7. Be2 c6 8. Qb3
Na6 9. dxc6 bxc6 10. Nf3 Qc7 11. O-O O-O 12. Be3 Nd7 13. Rfd1 Rb8 14. Qc2 Bc5
15. Bxc5 Naxc5 16. Rab1 a5 17. a3 Nb3 18. Ng5 Nf6 19. Nce4 Nxe4 20. Qxe4 g6 21.
Qh4 f6 22. Ne4 Nd4 23. Bf1 Qe7 24. c5 Bf5 25. Bc4+ Kg7 26. Bd3 Bxe4 27. Qxe4 Qxc5
28. Rdc1 Qd6 29. h4 f5 30. Qe3 h5 31. b4 axb4 32. axb4 Rfe8 33. Rc4 Rbd8 34. Bf1
Qf6 35. Rc5 Rd6 36. b5 cxb5 37. Bxb5 Re7 38. Bc4 f4 39. Qe4 Nf5 40. Re1 Nxh4 41.
Rxe5 Qxe5 42. Qxe5+ Rxe5 43. Rxe5 Kf6 44. Ra5 Rd1+ 45. Kh2 Nf5 46. Ra2 Rd6 47.
Ba6 g5 48. Bc8 Ne7 49. Bb7 g4 50. Be4 Re6 51. Ra4 Re5 52. Bd3 Kg5 53. Rb4 Ng8
54. Rb7 Ne7 55. Rb4 h4 56. f3 g3+ 57. Kh3 Nd5 58. Kh2 1/2-1/2

[Event "DRUZYNOWE MISTRZOSTWA POLSKI - II LIGA"]
[Site "Jastrzebia Gora"]
[Date "2015-09-18"]
[Round "8.7"]
[White "Gajek, Radoslaw"]
[Black "Rudolf, Michal"]
[Result "1-0"]
[WhiteTitle "IM"]
[BlackTitle "FM"]
[WhiteElo "2384"]
[BlackElo "2326"]

1. d4 e6 2. c4 b6 3. e4 Bb7 4. Bd3 Nc6 5. d5 Ne5 6. Nf3 Bb4+ 7. Nc3 Bxc3+ 8. bxc3
Nxf3+ 9. Qxf3 Qf6 10. Bd2 Qxf3 11. gxf3 Ne7 12. Rg1 O-O 13. O-O-O Ng6 14. f4 f6
15. Rg3 Rf7 16. Rdg1 Re8 17. h4 Nxh4 18. f5 g5 19. fxe6 dxe6 20. e5 Ng6 21. exf6
Rxf6 22. Rxg5 Kf7 23. Rh5 Nf8 24. f4 h6 25. f5 exd5 26. Bxh6 Rc8 27. Rg7+ Ke8
28. Bg5 Rf7 29. f6 Rd8 30. Rh8 dxc4 31. Bg6 Rdd7 32. Rgg8 1-0

[Event "DRUZYNOWE MISTRZOSTWA POLSKI - II LIGA"]
[Site "Jastrzebia Gora"]
[Date "2015-09-18"]
[Round "8.16"]
[White "Borgula, Rafal"]
[Black "Grzelak, Artur"]
[Result "1/2-1/2"]
[WhiteTitle "FM"]
[BlackTitle "m"]
[WhiteElo "2267"]
[BlackElo "2147"]

1. d4 Nf6 2. Nf3 c5 3. d5 d6 4. Nc3 e5 5. e4 Be7 6. Be2 O-O 7. O-O Nbd7 8. Nd2
b6 9. a4 Ne8 10. a5 Nc7 11. Bd3 Ba6 12. Bxa6 Nxa6 13. axb6 axb6 14. Nb5 Nb4 15.
Rxa8 Qxa8 16. Nc4 Qa4 17. Nbxd6 Qxc2 18. Qxc2 Nxc2 19. Nf5 Bf6 20. Bd2 Ra8 21.
Nfd6 Ra4 22. Rb1 Nd4 23. b3 Nxb3 24. Bc3 Nd4 25. Bxd4 cxd4 26. Kf1 Bd8 27. Nb2
Rb4 28. Ra1 Rxb2 29. Ra8 Kf8 30. Nf5 Ke8 31. Nxg7+ Ke7 32. Nf5+ Ke8 33. Nd6+ Ke7
34. Nf5+ Ke8 35. Nd6+ Ke7 36. Nf5+ Kf6 37. Rxd8 d3 38. g3 Rb1+ 39. Kg2 d2 40.
Kf1 Kg5+ 41. Rxd7 1/2-1/2

[Event "DRUZYNOWE MISTRZOSTWA POLSKI - II LIGA"]
[Site "Jastrzebia Gora"]
[Date "2015-09-18"]
[Round "8.61"]
[White "Snihur, Piotr"]
[Black "Hnydiuk, Aleksander"]
[Result "0-1"]
[WhiteTitle "k"]
[BlackTitle "IM"]
[WhiteElo "2246"]
[BlackElo "2354"]

1. e4 c5 2. Nf3 d6 3. d4 Nf6 4. Nc3 cxd4 5. Nxd4 a6 6. Be2 e6 7. O-O Be7 8. f4
Qc7 9. Qe1 O-O 10. Qg3 Nbd7 11. f5 Qc5 12. Be3 Qe5 13. Qh3 Nb8 14. Rad1 Nc6 15.
fxe6 Bxe6 16. Nxe6 Qxe6 17. Qxe6 fxe6 18. Bc4 Kf7 19. a3 Rac8 20. Ne2 Na5 21.
Bd3 Nc4 22. Bc1 Ne5 23. Nd4 Bd8 24. Be3 Neg4 25. Bg5 Bb6 26. Be2 Kg6 27. Bxf6
Nxf6 28. Kh1 Nxe4 29. Bd3 Rxf1+ 30. Rxf1 Bxd4 31. Bxe4+ Kh6 32. c3 Bf6 33. g3
d5 34. Bd3 Rc6 35. Kg2 Rb6 36. Rf2 d4 37. c4 Rb3 38. Be4 b6 39. Kf1 Bg5 40. Rc2
d3 41. Rc3 d2 42. Ke2 Rxb2 43. Rd3 Ra2 44. Rd6 Ra1 45. Bc2 Re1+ 46. Kf2 g6 47.
h4 Be3+ 48. Kg2 e5 49. Rd3 e4 50. Rd5 Kg7 51. Rd6 Rc1 52. Bb3 Rc3 53. Bd1 Rc1
54. Bb3 Rg1+ 55. Kh2 Rb1 56. Ba4 Ra1 57. Bc2 Ra2 58. Bd1 Rxa3 59. Bc2 Ra2 0-1

[Event "DRUZYNOWE MISTRZOSTWA POLSKI - II LIGA"]
[Site "Jastrzebia Gora"]
[Date "2015-09-18"]
[Round "8.95"]
[White "Sukiennik, Marek"]
[Black "Koziej, Maciej"]
[Result "1-0"]
[WhiteTitle "I"]
[BlackTitle "I++"]
[WhiteElo "1963"]
[BlackElo "1985"]

1. d4 f5 2. c4 Nf6 3. Nc3 e6 4. Bf4 Bb4 5. f3 O-O 6. e3 d6 7. Bd3 c5 8. Nge2 Nc6
9. Bg3 e5 10. d5 Ne7 11. Qc2 a6 12. O-O Qe8 13. a3 Ba5 14. Rab1 Qh5 15. Bf2 Bc7
16. b4 Nd7 17. Ng3 Qg5 18. e4 f4 19. Nf5 Nxf5 20. exf5 b5 21. Ne4 Qh5 22. g4 fxg3
23. hxg3 Rxf5 24. Nxc5 Qh3 25. Ne6 e4 26. Nxc7 Ne5 27. Bxe4 Rf8 1-0

[Event "DRUZYNOWE MISTRZOSTWA POLSKI - II LIGA"]
[Site "Jastrzebia Gora"]
[Date "2015-09-18"]
[Round "9.41"]
[White "Mondrzycki, Bartlomiej"]
[Black "Kolasinski, Krzysztof"]
[Result "1/2-1/2"]
[WhiteTitle "I+"]
[BlackTitle "I++"]
[WhiteElo "2082"]
[BlackElo "2087"]

1. e4 e6 2. d4 d5 3. exd5 exd5 4. Bd3 Bd6 5. Nf3 Ne7 6. O-O Bg4 7. Re1 O-O 8. Nbd2
Ng6 9. h3 Bxf3 10. Qxf3 c6 11. Nf1 Nd7 12. c3 Qc7 13. Bd2 Rae8 14. Re2 Rxe2 15.
Qxe2 Nf6 16. Re1 Re8 17. Qd1 Rxe1 18. Qxe1 Qe7 19. Qxe7 Nxe7 20. Bg5 Ne8 21. Bxe7
Bxe7 22. f4 g6 23. Kf2 Bd6 24. g3 f5 25. Nd2 Nf6 26. b4 Kf7 27. Ke3 Nh5 28. Kf2
Nf6 29. Bf1 Ne4+ 30. Nxe4 dxe4 31. Bc4+ Kf6 32. h4 h6 33. Ke3 g5 34. hxg5+ hxg5
35. Be2 gxf4+ 36. gxf4 b6 37. Ba6 c5 38. dxc5 bxc5 39. b5 Bc7 40. c4 Ba5 41. Bb7
Ke5 42. Kxe4+ 1/2-1/2

[Event "DRUZYNOWE MISTRZOSTWA POLSKI - II LIGA"]
[Site "Jastrzebia Gora"]
[Date "2015-09-18"]
[Round "9.43"]
[White "Kumala, Aleksander"]
[Black "Tomaszewski, Kacper"]
[Result "1-0"]
[WhiteTitle "I++"]
[BlackTitle "k"]
[WhiteElo "2102"]
[BlackElo "2278"]

1. e4 c6 2. d4 d5 3. exd5 cxd5 4. Bd3 Nc6 5. c3 Qc7 6. Qf3 Nf6 7. Bf4 Qb6 8. Qe2
Bg4 9. f3 Bh5 10. Nh3 e6 11. O-O Be7 12. Kh1 Bg6 13. Nf2 Nh5 14. Be3 Bd6 15. Na3
Qd8 16. Nb5 Bb8 17. Nh3 a6 18. Na3 Bd6 19. Nc2 Nf6 20. Bg5 Qc7 21. Ne3 Bxd3 22.
Qxd3 h6 23. Bxf6 gxf6 24. f4 f5 25. c4 Nb4 26. Qe2 dxc4 27. Nxc4 b5 28. Ne3 Kf8
29. a3 Nc6 30. d5 Ne7 31. dxe6 fxe6 32. Rac1 Qb6 33. Nc2 Bc7 34. Rfe1 Nd5 35.
Qxe6 Qxe6 36. Rxe6 Kf7 37. Rc6 Bxf4 38. Nxf4 Nxf4 39. Nd4 Nd3 40. Rf1 f4 41. Ne2
Rhc8 42. Rxh6 Rc2 43. Nxf4 Nxf4 44. Rxf4+ Kg7 45. Rhf6 Rd8 46. Rf7+ Kg8 47. R7f5
Rd1+ 48. Rf1 Rxf1+ 49. Rxf1 Rxb2 50. h4 Rb3 51. Ra1 Kg7 52. Kh2 Kg6 53. g3 Rc3
54. Kh3 Kf5 55. Ra2 Rd3 56. Rf2+ Kg6 57. Ra2 Kf5 58. a4 b4 59. Rc2 Rc3 60. Rf2+
Ke5 61. h5 b3 62. Kg4 Rc4+ 63. Kg5 Rc2 64. Rf3 b2 65. Rb3 Rc3 66. Rxb2 Rxg3+ 67.
Kh6 Rg4 68. a5 Ra4 69. Rg2 Kf4 70. Rg5 Rc4 71. Rg6 Rc5 72. Rxa6 Kg4 73. Rg6+ Kh4
74. a6 Rxh5+ 75. Kg7 Ra5 76. Kf7 Ra1 77. Ke7 Kh5 78. Rc6 Kg5 79. Kd7 Kf5 80. Kc7
Ke5 81. Kb7 Kd5 82. Rb6 Kc5 83. a7 Ra2 84. Rb1 Rh2 85. a8=Q Rh7+ 86. Ka6 Rh6+
87. Ka5 Kd5 1-0

[Event "DRUZYNOWE MISTRZOSTWA POLSKI - II LIGA"]
[Site "Jastrzebia Gora"]
[Date "2015-09-18"]
[Round "9.105"]
[White "Bernat, Marcin"]
[Black "Koziol, Pawel"]
[Result "1-0"]
[WhiteTitle "k"]
[BlackTitle "I++"]
[WhiteElo "2105"]
[BlackElo "1927"]

1. d4 Nf6 2. c4 g6 3. Nc3 Bg7 4. e4 d6 5. f3 e5 6. d5 O-O 7. Be3 Nh5 8. Nge2 f5
9. Qd2 a6 10. O-O-O Nd7 11. Kb1 Ndf6 12. h3 f4 13. Bf2 Bd7 14. c5 Re8 15. cxd6
cxd6 16. Nc1 Ng3 17. Rg1 Nxf1 18. Rgxf1 Bf8 19. Nb3 Be7 20. Rc1 Qb8 21. Rc2 Bd8
22. Rfc1 b5 23. Nd1 a5 24. Qd3 Rf8 25. Nd2 a4 26. b4 Qb7 27. Kb2 Ne8 28. Nb1 Rb8
29. Qf1 Rf7 30. Rc3 g5 31. R1c2 h5 32. Qg1 Rg7 33. Qf1 Nf6 34. Nd2 Nh7 35. Kb1
Nf8 36. Nb2 Ng6 37. Nd3 Ne7 38. Nc5 dxc5 39. bxc5 Bc6 40. dxc6 Nxc6 41. Rb2 Ba5
42. Rd3 Nb4 43. Rd6 Nc6 44. Qd3 Bxd2 45. Rxd2 Rc8 46. Qd5+ Kh7 47. Qe6 b4 48.
Rd7 Rc7 49. Qf5+ Kh8 50. Rd8+ Nxd8 51. Rxd8+ Rg8 52. Qxe5+ Rcg7 53. Rd6 Kh7 54.
Qf5+ Rg6 55. Rd7+ 1-0